Bartholomäus Blume

Titel: Bartholomäus Blume : Festspiel / Von Ernst Hammer
Verfasser:
Veröffentlicht: Marienburg Westpr. : Verl d. Marienburgbundes, 1928
Umfang: 33 S.
Format: Buch
Sprache: Deutsch
Kein Bild verfügbar
X
Lokale Klassifikation: 6 10 F
alg: 6099897
001A    $03004:21-12-98 
001B    $01999:12-05-23 $t21:43:46.000 
001D    $09999:99-99-99 
001U    $0utf8 
001X    $00 
002@    $0Aar 
003@    $0060998970 
003O    $072345291 $aOCoLC 
007A    $0060998970 $aHEB 
007T    $0Herdhh060998970 
010@    $ager 
011@    $a1928 
013H    $0z 
021A    $aBartholomäus Blume $dFestspiel $hVon Ernst Hammer 
028A    $71024540901 $8Hammer, Ernst$Z1877-1950 [Tp1] $9305937219 
033A    $pMarienburg Westpr. $nVerl d. Marienburgbundes 
034D    $a33 S. 
045F    $a800 $eDDC23BSB 
045F/01 $a800 
045F/03 $g43832 
045F/03 $g4382 

lok: 6099897 24
101B    $005-12-02 $t20:20:33.770 
101C    $021-12-98 
145Z/01 $a6 10 F 
101U    $0utf8 

exp: 6099897 24 1 #EPN
201B/01 $013-12-07 $t17:01:24.000 
201C/01 $021-12-98 
201U/01 $0utf8 
203@/01 $0126954771 
208@/01 $a21-12-98 $br 
209A/01 $aAn 6 II A 46 $di $f050 $h6 2 A 46 $x00 $ic 
209C/01 $a565 K 56 $h56 565 K 
247C/01 $8358050-7 Marburg, Bibliothek des Herder-Instituts Marburg $9102600961 

lok: 6099897 78

exp: 6099897 78 1 #EPN
201B/01 $019-04-17 $t18:26:30.000 
201U/01 $0utf8 
203@/01 $0793412277 
208@/01 $a12-11-16 $be 
209A/01 $a/ $f000 $x00 
237A/01 $aweiterführende Signatur(en): Herder-Institut: An 6 II A 46 
244Z/01 $2Trx $#Prusy Wschodnie i Zachodnie $8--Trx--Ost- und Westpreußen $x01 $939113373X 
244Z/01 $2Trx $8--Trx--Monographie $x02 $9391384546 
245Z/01 $a11.08 $x01 
247C/01 $82080>Marburg/Lahn, Herder-Institut, Forschungsbibliothek, Bibliographieportal $9336309341
LEADER 00000cam a22000002c 4500
001 060998970
003 DE-603
005 20230512214346.0
007 tu
008 981221s1928 xx |||| | u00||u|ger c
035 |a (DE-599)HEB060998970 
035 |a (OCoLC)72345291 
040 |a DE-603  |b ger  |c DE-603  |d DE-603 
041 |a ger 
082 0 4 |8 1\u  |a 800  |q DE-101  |2 23/BSB 
085 |8 1\u  |b 800 
085 |8 1\u  |z 2  |s 43832 
085 |8 1\u  |z 2  |s 4382 
100 1 |a Hammer, Ernst  |d 1877-1950  |0 (DE-603)305937219  |0 (DE-588)1024540901  |2 gnd 
245 0 0 |a Bartholomäus Blume  |b Festspiel  |c Von Ernst Hammer 
264 1 |a Marienburg Westpr.  |b Verl d. Marienburgbundes  |c 1928 
300 |a 33 S. 
924 0 |9 Mb 50  |a (DE-603)126954771  |b DE-Mb50  |c HES  |d c  |g An 6 II A 46 
924 0 |9 2080  |a (DE-603)793412277  |b DE-2080  |c HES  |d d  |g /